Bones of the Hand - Statistics

General Stats
  • This quiz has been taken 797 times
  • The average score is 8 of 14
Answers on the Map
Answers color-coded by a green-red scale on the quiz's map according to % correct below.
 
Answer Stats
Answer % Correct
Radius
87%
Ulna
86%
Trapezoid
64%
Trapezium
60%
Hamate
58%
Lunate
56%
Scaphoid
53%
Pisiform
52%
Distal phalanges
51%
Proximal phalanges
51%
Capitate
48%
Triquetral
40%
Middle phalanges
37%
Metacarpal bones
15%
No matching quizzes found
Score Distribution
Percent of People with Each Score
Percentile by Number Answered
Your Score History
You have not taken this quiz